[Event "EYTCC Open U18 2018"]
[Site "Bad Blankeburg"]
[Date "2018.07.17"]
[Round "6"]
[White "Parkhov, Yair"]
[Black "Amon, Nejc"]
[Result "1-0"]
[WhiteElo "2364"]
[BlackElo "2295"]
[Annotator "NA"]
[PlyCount "103"]
[EventDate "2018.07.12"]
[EventType "swiss"]
[EventCountry "GER"]
[SourceTitle "playchess.com"]
[Source "ChessBase"]
[SourceQuality "1"]
[TimeControl "40/5400+30:1800+30"]

1. c4 {[%emt 0:00:00]} Nf6 {[%emt 0:00:00]} 2. Nc3 {[%emt 0:00:00]} e6 {[%emt 0:00:00]} 3. Nf3 {[%emt 0:00:00]} d5 {[%emt 0:01:39]} 4. d4 {[%emt 0:00:00]} Bb4 {[%emt 0:06:20]} 5. Qa4+ {[%emt 0:05:33]} Nc6 {[%emt 0:00:07]} 6. e3 {[%emt 0:00:19]} O-O {[%emt 0:04:48]} 7. Bd2 {[%emt 0:00:48]} Qe7 {[%emt 0:16:48] D38: Queen's Gambit Declined: Ragozin Defence (4 Nf3 Bb4)} (7... dxc4 8. Bxc4 Bd6 9. e4 e5 10. dxe5 Nxe5 11. Nxe5 Bxe5 12. O-O-O Qe8 13. Qxe8 Rxe8 14. f3 Be6 15. Bxe6 Rxe6 {½-½ (67) Navara,D (2727)-Harikrishna,P (2732) Prague 2018}) 8. a3 {[%emt 0:11:52]} Bxc3 {[%emt 0:00:15]} 9. Bxc3 {[%emt 0:00:15] LiveBook: 3 Partien} Ne4 {[%emt 0:09:22]} 10. Rc1 {[%emt 0:01:27]} Nxc3 {[%emt 0:07:56]} 11. Rxc3 {[%emt 0:00:20]} Nb8 {[%emt 0:01:37]} 12. Qc2 {[%emt 0:07:44]} c6 {[%emt 0:04:54]} 13. Bd3 {[%emt 0:00:22]} h6 $146 {[%emt 0:00:28]} ({Predecessor:} 13... g6 14. O-O Nd7 15. Kh1 {1-0 (36) Guimard,C-Caetano Netto,J Sao Paulo 1941}) 14. cxd5 {[%emt 0:05:41]} exd5 {[%emt 0:00:07]} 15. b4 {[%emt 0:00:19]} a6 {[%emt 0:04:38]} 16. O-O {[%emt 0:00:27]} Qd6 {[%emt 0:00:41]} 17. Rb1 {[%emt 0:02:14]} Bd7 {[%emt 0:08:20]} 18. a4 {[%emt 0:08:19]} Rc8 {[%emt 0:00:15]} 19. Ne5 {[%emt 0:01:00]} Be8 {[%emt 0:00:19]} 20. h3 {[%emt 0:15:11]} Nd7 {[%emt 0:01:19]} 21. Bh7+ {[%emt 0:00:20]} Kh8 {[%emt 0:03:46]} 22. Bf5 {[%emt 0:00:17]} Nxe5 {[%emt 0:00:58]} 23. dxe5 {[%emt 0:00:40]} Qxe5 {[%emt 0:00:08]} 24. Bxc8 {[%emt 0:00:05]} Rxc8 {[%emt 0:00:05]} 25. Qd2 {[%emt 0:00:31]} Bd7 {[%emt 0:03:18]} 26. Qd4 {[%emt 0:01:16]} Qe6 {[%emt 0:01:59]} 27. Rd1 {[%emt 0:14:12]} Re8 {[%emt 0:02:09]} 28. Rcc1 {[%emt 0:05:17]} Qg6 {[%emt 0:01:17]} 29. Kh2 {[%emt 0:01:17]} Re4 {[%emt 0:01:34]} 30. Qc5 {[%emt 0:00:29]} Re5 {[%emt 0:03:56]} 31. Rd4 {[%emt 0:02:41]} Rg5 {[%emt 0:02:04]} 32. g4 {[%emt 0:01:32]} Re5 {[%emt 0:07:46]} 33. Rf4 {[%emt 0:01:04]} Kh7 {[%emt 0:03:04]} 34. Qc2 {[%emt 0:02:46]} Re4 $16 {[%emt 0:00:44]} 35. Rxe4 {[%emt 0:01:20]} dxe4 {[%emt 0:00:06]} 36. Rd1 {[%emt 0:00:58]} Be6 {[%emt 0:00:36]} 37. f4 {[%emt 0:01:26]} f5 {[%emt 0:02:15]} 38. Rd6 {[%emt 0:05:34]} fxg4 {[%emt 0:01:38]} 39. Qg2 {[%emt 0:00:07]} Qf5 {[%emt 0:00:53]} 40. Qxg4 {[%emt 0:01:21]} Qxg4 {[%emt 0:00:19]} 41. hxg4 {[%emt 0:30:13]} Bxg4 {[%emt 0:30:04]} 42. Kg3 {[%emt 0:03:49]} Be2 {[%emt 0:01:42]} 43. f5 {[%emt 0:00:00]} h5 {[%emt 0:00:00]} 44. Kh4 {[%emt 0:00:00]} Kg8 {[%emt 0:00:00]} 45. Rd7 {[%emt 0:00:00]} b6 {[%emt 0:00:00]} 46. Rc7 {[%emt 0:00:00]} c5 {[%emt 0:00:00]} 47. bxc5 {[%emt 0:00:00]} bxc5 {[%emt 0:00:00]} 48. Rxc5 {[%emt 0:00:00]} Kf7 {[%emt 0:00:00]} 49. Kg5 {[%emt 0:00:00]} Bg4 {[%emt 0:00:00]} 50. Rc7+ {[%emt 0:00:00]} Kf8 {[%emt 0:00:00]} 51. Ra7 {[%emt 0:00:00]} Be2 {[%emt 0:00:00]} 52. a5 {[%emt 0:00:00]} 1-0

[Event "EYTCC Open U18 2018"]
[Site "Bad Blankeburg"]
[Date "2018.07.17"]
[Round "6"]
[White "Morgunov, Marc"]
[Black "Badelka, Olga"]
[Result "0-1"]
[WhiteElo "2362"]
[BlackElo "2407"]
[Annotator "NA"]
[PlyCount "52"]
[EventDate "2018.07.12"]
[EventType "swiss"]
[EventCountry "GER"]
[SourceTitle "playchess.com"]
[Source "ChessBase"]
[SourceQuality "1"]
[TimeControl "40/5400+30:1800+30"]

1. e4 {[%emt 0:00:00]} c5 {[%emt 0:00:00]} 2. Nf3 {[%emt 0:00:00]} Nc6 {[%emt 0:00:00]} 3. Bb5 {[%emt 0:00:00]} e6 {[%emt 0:00:00]} 4. O-O {[%emt 0:00:00]} Nge7 {[%emt 0:00:00]} 5. Re1 {[%emt 0:00:08]} Nd4 {[%emt 0:00:00]} 6. Bf1 {[%emt 0:06:55]} Nec6 {[%emt 0:00:07]} 7. c3 {[%emt 0:00:59]} Nxf3+ {[%emt 0:00:08] B30: Sicilian: 2...Nc6 3 Bb5, lines without ...g6} 8. Qxf3 {[%emt 0:00:08]} Be7 {[%emt 0:00:32]} 9. d3 {[%emt 0:01:40]} (9. a4 O-O 10. Na3 e5 11. Nc4 d6 12. Ne3 Bg5 13. g3 g6 14. Nd5 f5 15. Bc4 {½-½ (54) Mamedov,R (2689)-Fedorov,A (2598) Lvov 2017}) 9... O-O {[%emt 0:01:05]} 10. Be3 {[%emt 0:07:37]} e5 {[%emt 0:00:41]} 11. a3 {[%emt 0:11:01]} a5 {[%emt 0:06:12]} 12. a4 {[%emt 0:00:17]} d6 {[%emt 0:00:22]} 13. Na3 $146 {[%emt 0:01:47]} f5 {[%emt 0:03:04]} 14. Qd1 {[%emt 0:01:49]} f4 {[%emt 0:14:35]} 15. Bd2 {[%emt 0:08:11]} f3 {[%emt 0:00:37]} 16. g3 {[%emt 0:01:28]} Be6 {[%emt 0:02:41]} 17. Nc4 {[%emt 0:03:03]} Rb8 {[%emt 0:00:40]} 18. Rb1 {[%emt 0:20:19]} Qe8 {[%emt 0:05:36]} 19. Be3 {[%emt 0:03:56]} Qh5 {[%emt 0:01:09]} 20. Nd2 {[%emt 0:04:22] [#]} (20. Rc1 $15) 20... Rf6 $19 {[%emt 0:01:58]} 21. Nc4 {[%emt 0:12:10]} g5 {[%emt 0:09:18]} 22. Bg2 {[%emt 0:11:39]} Bg4 {[%emt 0:01:31]} 23. Bf1 {[%emt 0:00:20]} Rh6 {[%emt 0:02:16]} 24. h3 {[%emt 0:01:47]} Rf8 {[%emt 0:01:53]} 25. Bg2 {[%emt 0:02:07]} Bxh3 {[%emt 0:00:35]} 26. Bxf3 {[%emt 0:00:07]} Bg4 {[%emt 0:00:24]} 0-1

[Event "EYTCC Open U18 2018"]
[Site "Bad Blankeburg"]
[Date "2018.07.17"]
[Round "6"]
[White "Buckels, Valentin"]
[Black "Gumularz, Szymon"]
[Result "0-1"]
[WhiteElo "2353"]
[BlackElo "2461"]
[Annotator "TA"]
[PlyCount "74"]
[EventDate "2018.07.12"]
[EventType "swiss"]
[EventCountry "GER"]
[SourceTitle "playchess.com"]
[Source "ChessBase"]
[SourceQuality "1"]

{[%evp 18,74,16,-6,0,-10,-11,-27,-24,-26,-27,-27,-25,-44,-35,-45,-36,-69,-54,-72,-62,-96,-93,-127,-157,-158,-136,-155,-146,-131,-78,-69,-47,-63,-60,-63,-47,-64,-31,-43,-31,-44,-47,-66,-68,-42,-18,-46,2,2,20,14,27,0,0,-141,-41,-1500,-1434]} 1. d4 Nf6 2. c4 e6 3. Nf3 a6 4. Nc3 d5 5. cxd5 exd5 6. Bg5 {D37: Queen's Gambit Declined: 5 Bf4} Be6 7. e3 Nbd7 8. Be2 (8. Bd3 Bd6 9. O-O O-O 10. Rc1 c6 11. Bf4 Bxf4 12. exf4 Bg4 13. Be2 Bxf3 14. Bxf3 {1-0 (122) Nakamura,H (2769)-Caruana,F (2816) Paris 2018}) 8... Bd6 9. O-O O-O 10. Rc1 {LiveBook: 4 Games} c6 11. Na4 $146 ({Predecessor:} 11. Bh4 Re8 12. Qb3 Rb8 13. Qc2 Qc7 {0-1 (74) Renman,N (2350)-Adams,M (2709) Caleta 2018}) 11... Qc7 12. Nc5 Bg4 13. Bxf6 Nxf6 14. h3 Bc8 15. Nd3 Qe7 16. a3 Ne4 17. b4 Bf5 18. Qb3 Rae8 19. a4 {[#]} Ng3 $1 {[%mdl 512]} 20. fxg3 {Threatens to win with Nfe5.} Qxe3+ 21. Kh2 {aiming for Rfe1.} Qxe2 22. Nde5 Bxe5 23. dxe5 Qd3 (23... Be4 $142 24. Rfe1 Qf2) 24. Qb2 $17 Bd7 25. Rcd1 {[%cal Bc1d1,Bd1d4,Bd4f4][%mdl 32]} Qg6 26. Rd4 h6 27. Rf4 Re7 28. Qf2 Be6 29. Qc5 Rfe8 30. g4 {[%cal Bg3g4,Bg4g5][%mdl 32]} d4 31. Qxd4 Rd7 32. Qf2 b5 33. a5 Qd3 34. g5 {Strongly threatening gxh6.} h5 $1 35. Nh4 Qc3 36. Qe2 (36. g6 $11 {remains equal.} Qxe5 37. Kg1) 36... Rd2 (36... Bc4 $17 37. Qxh5 Qxe5) 37. Qxh5 $2 {[%mdl 8192] [#]} (37. Qe4 $15) 37... Qxh3+ $1 {Precision: White = 41%, Black = 38%.} 0-1

[Event "EYTCC Open U18 2018"]
[Site "Bad Blankeburg"]
[Date "2018.07.17"]
[Round "6"]
[White "Stoleriu, George"]
[Black "Martin, Julian"]
[Result "1-0"]
[WhiteElo "2347"]
[BlackElo "2415"]
[Annotator "NA"]
[PlyCount "95"]
[EventDate "2018.07.12"]
[EventType "swiss"]
[EventCountry "GER"]
[SourceTitle "playchess.com"]
[Source "ChessBase"]
[SourceQuality "1"]
[TimeControl "40/5400+30:1800+30"]

1. e4 {[%emt 0:00:00]} c5 {[%emt 0:00:00]} 2. Be2 {[%emt 0:00:00]} Nc6 {[%emt 0:01:35]} 3. f4 {[%emt 0:00:00]} g6 {[%emt 0:07:33]} 4. Nf3 {[%emt 0:00:13]} Bg7 {[%emt 0:00:09]} 5. O-O {[%emt 0:00:09]} e6 {[%emt 0:16:36] B21: Sizilianisch (Morra-Gambit 2.d4 und 2.f4)} (5... d6 6. c3 Nf6 7. d3 Rb8 8. a4 a6 9. Kh1 O-O 10. Be3 c4 11. Nbd2 cxd3 12. Bxd3 b5 13. axb5 axb5 {1-0 (34) Adhiban,B (2655)-Wang,Y (2690) Riadh 2017}) 6. c3 {[%emt 0:00:20]} d5 {[%emt 0:03:45]} 7. d3 {[%emt 0:01:02]} Nge7 8. Na3 {[%emt 0:00:49]} O-O {[%emt 0:12:10]} 9. Be3 {[%emt 0:10:14]} d4 {[%emt 0:08:10]} 10. Bd2 {[%emt 0:00:36]} dxc3 {[%emt 0:14:05]} 11. bxc3 $146 {[%emt 0:02:57]} ({Vorgänger:} 11. Bxc3 Nd4 12. Nxd4 Bxd4+ 13. Kh1 {0-1 (69) Borrelli,S (1961)-Messina,E (2125) Napoli 2011}) 11... b6 {[%emt 0:01:33]} 12. Rb1 {[%emt 0:11:48]} Qd7 {[%emt 0:05:15]} 13. Nc4 {[%emt 0:25:08]} Rd8 {[%emt 0:08:35]} 14. Qe1 {[%emt 0:16:43]} Ba6 {[%emt 0:04:21]} 15. Nce5 {[%emt 0:07:21]} Nxe5 {[%emt 0:00:11]} 16. Nxe5 {[%emt 0:00:32]} Qd6 {[%emt 0:01:07]} 17. Rf3 {[%emt 0:08:35]} f6 {[%emt 0:01:30]} 18. Ng4 {[%emt 0:04:13]} h5 {[%emt 0:02:36]} 19. Nxf6+ {[%emt 0:01:46]} Bxf6 {[%emt 0:00:17]} 20. e5 {[%emt 0:00:03]} Bxe5 {[%emt 0:00:34]} 21. fxe5 {[%emt 0:00:02]} Qxe5 {[%emt 0:00:11]} 22. Re3 {[%emt 0:01:00]} Qf5 {[%emt 0:05:55]} (22... Qd6 $16 {was necessary.}) 23. Bf3 {[%emt 0:00:45]} Bxd3 {[%emt 0:00:39]} 24. Re5 {[%emt 0:01:35]} Qf7 {[%emt 0:00:48]} 25. Rxe6 {[%emt 0:02:47]} Nf5 $1 {[%emt 0:00:06]} 26. Bxa8 {[%emt 0:01:20]} Bxb1 {[%emt 0:00:28]} 27. Bc6 {[%emt 0:02:13]} Bxa2 {[%emt 0:00:51]} 28. Re5 {[%emt 0:00:31]} Qf6 {[%emt 0:01:05]} 29. Bb5 {[%emt 0:00:56]} Bf7 {[%emt 0:02:03]} 30. Bf4 {[%emt 0:00:25]} Kh7 {[%emt 0:01:38]} 31. h3 {[%emt 0:00:55]} a5 {[%emt 0:00:46]} 32. Ba4 {[%emt 0:00:20]} Rd5 $17 {[%emt 0:00:32]} 33. Re2 {[%emt 0:00:35]} Nd4 {[%emt 0:00:37]} 34. Rf2 {[%emt 0:00:28]} Rf5 {[%emt 0:00:28]} 35. g3 {[%emt 0:00:28]} Ne6 {[%emt 0:00:14]} 36. Bc2 {[%emt 0:00:21]} Rd5 {[%emt 0:01:02]} 37. Bc1 {[%emt 0:00:34]} Qg7 {[%emt 0:00:23]} 38. Qf1 {[%emt 0:00:37]} Bg8 {[%emt 0:00:11]} 39. Rf6 {[%emt 0:00:17]} a4 {[%emt 0:00:52]} 40. Bxg6+ {[%emt 0:00:50]} Kh8 {[%emt 0:00:32]} 41. Bc2 {[%emt 0:15:56]} Qxg3+ {[%emt 0:13:20]} 42. Kh1 {[%emt 0:00:07]} Ng5 {[%emt 0:00:11]} 43. Rh6+ {[%emt 0:01:20]} Nh7 {[%emt 0:00:25]} 44. Bxh7 {[%emt 0:00:24]} Rd1 {[%emt 0:03:21]} 45. Be4+ {[%emt 0:03:57]} Kg7 {[%emt 0:01:22]} 46. Qxd1 {[%emt 0:00:05]} Qxh3+ {[%emt 0:00:07]} 47. Kg1 {[%emt 0:00:03]} Qg4+ {[%emt 0:00:04]} 48. Qxg4+ {[%emt 0:00:05]} 1-0

[Event "EYTCC Open U18 2018"]
[Site "Bad Blankeburg"]
[Date "2018.07.17"]
[Round "6"]
[White "Subelj, Jan"]
[Black "Bronstein, Or"]
[Result "1-0"]
[WhiteElo "2327"]
[BlackElo "2350"]
[Annotator "NA"]
[PlyCount "99"]
[EventDate "2018.07.12"]
[EventType "swiss"]
[EventCountry "GER"]
[SourceTitle "playchess.com"]
[Source "ChessBase"]
[SourceQuality "1"]
[TimeControl "40/5400+30:1800+30"]

1. e4 {[%emt 0:02:22]} c5 {[%emt 0:00:00]} 2. Nf3 {[%emt 0:00:07]} d6 {[%emt 0:00:00]} 3. d4 {[%emt 0:00:10]} cxd4 {[%emt 0:00:00]} 4. Qxd4 {[%emt 0:00:05]} Nc6 {[%emt 0:00:00]} 5. Bb5 {[%emt 0:00:05]} Bd7 {[%emt 0:00:00]} 6. Qd3 {[%emt 0:00:42]} Nf6 {[%emt 0:00:17]} 7. c4 {[%emt 0:01:05]} g6 {[%emt 0:00:33]} 8. Nc3 {[%emt 0:00:06]} Bg7 {[%emt 0:00:06]} 9. O-O {[%emt 0:00:18]} O-O {[%emt 0:00:05]} 10. Bxc6 {[%emt 0:00:38]} Bxc6 {[%emt 0:00:02]} 11. Nd4 {[%emt 0:00:38]} Rc8 {[%emt 0:14:15]} 12. Rd1 {[%emt 0:05:16] B53: Sizilianisch (Ungarische Variante)} a6 {[%emt 0:09:21]} 13. Qe2 $146 {[%emt 0:24:10]} ({Vorgänger:} 13. f3 Nd7 14. Qe2 Nc5 15. Be3 Na4 16. Nxa4 Bxa4 17. b3 Bd7 18. Rac1 Qa5 19. a4 Rc7 {1-0 (37) Kovalev,V (2641)-Tran,T (2522) Moscow 2018}) 13... Bd7 {[%emt 0:12:37]} 14. Nd5 {[%emt 0:12:34]} e5 {[%emt 0:13:06]} 15. Nxf6+ {[%emt 0:09:20]} Qxf6 {[%emt 0:00:02]} 16. Nc2 {[%emt 0:00:35]} b5 {[%emt 0:00:02]} 17. Ne3 {[%emt 0:02:01]} bxc4 {[%emt 0:03:44]} 18. Nxc4 {[%emt 0:01:32]} Bb5 {[%emt 0:00:10]} 19. b3 {[%emt 0:00:06]} Qe6 {[%emt 0:09:16]} 20. Rd5 {[%emt 0:01:20]} Rfd8 {[%emt 0:00:43]} 21. Ba3 {[%emt 0:00:35]} Bf8 {[%emt 0:01:05]} 22. Rad1 {[%emt 0:00:38]} Rc6 {[%emt 0:17:52]} 23. f3 {[%emt 0:15:52]} Rdc8 {[%emt 0:00:54]} 24. Qd2 {[%emt 0:04:14]} Bxc4 {[%emt 0:05:39]} 25. bxc4 {[%emt 0:01:23]} Rxc4 {[%emt 0:04:15]} 26. Bxd6 {[%emt 0:00:31]} Rc2 {[%emt 0:02:17]} 27. Qa5 {[%emt 0:00:16]} Bxd6 {[%emt 0:01:15]} 28. Rxd6 {[%emt 0:00:07]} Rc1 {[%emt 0:05:46]} 29. Rxe6 {[%emt 0:00:53]} Rxd1+ {[%emt 0:00:01]} 30. Kf2 {[%emt 0:00:07]} fxe6 {[%emt 0:00:04]} 31. Qxe5 {[%emt 0:08:21]} Rd2+ {[%emt 0:00:53]} 32. Ke3 {[%emt 0:00:30]} Rcc2 {[%emt 0:00:13]} 33. Qxe6+ {[%emt 0:00:09]} Kf8 {[%emt 0:01:11]} 34. Kf4 {[%emt 0:01:35]} Rxa2 {[%emt 0:00:33]} 35. Kg5 {[%emt 0:00:44]} Rac2 {[%emt 0:00:38]} 36. Qxa6 $18 {[%emt 0:02:33]} Rc7 {[%emt 0:00:27]} 37. Qa3+ {[%emt 0:01:12]} Ke8 {[%emt 0:00:31]} 38. e5 {[%emt 0:01:34]} Rdd7 {[%emt 0:00:30]} 39. g4 {[%emt 0:00:49]} Kf7 {[%emt 0:00:21]} 40. Qa6 {[%emt 0:00:45]} Re7 {[%emt 0:00:25]} 41. f4 {[%emt 0:31:04]} Re6 {[%emt 0:04:34]} 42. Qa2 {[%emt 0:00:00]} Ke7 {[%emt 0:01:04]} 43. Qa5 {[%emt 0:00:00]} Rec6 {[%emt 0:05:17]} 44. Qd5 {[%emt 0:00:00]} Rc8 {[%emt 0:04:36]} 45. f5 {[%emt 0:00:00]} h6+ {[%emt 0:01:29]} 46. Kh4 {[%emt 0:00:00]} gxf5 {[%emt 0:02:00]} 47. gxf5 {[%emt 0:00:00]} Rc2 {[%emt 0:00:21]} 48. f6+ {[%emt 0:00:00]} Kf8 {[%emt 0:00:11]} 49. Kh5 {[%emt 0:00:00]} R8c7 {[%emt 0:01:22]} 50. Kg6 {[%emt 0:00:00]} 1-0

[Event "EYTCC Open U18 2018"]
[Site "Bad Blankeburg"]
[Date "2018.07.17"]
[Round "6"]
[White "Stevanic, David"]
[Black "Iliaguev, Nisim"]
[Result "1-0"]
[WhiteElo "2253"]
[BlackElo "2335"]
[Annotator "NA"]
[PlyCount "79"]
[EventDate "2018.07.12"]
[EventType "swiss"]
[EventCountry "GER"]
[SourceTitle "playchess.com"]
[Source "ChessBase"]
[SourceQuality "1"]
[TimeControl "40/5400+30:1800+30"]

1. e4 {[%emt 0:00:00]} c5 {[%emt 0:00:00]} 2. Nf3 {[%emt 0:00:00]} e6 {[%emt 0:00:00]} 3. d4 {[%emt 0:00:00]} cxd4 {[%emt 0:00:00]} 4. Nxd4 {[%emt 0:00:00]} Nc6 {[%emt 0:00:00]} 5. Nc3 {[%emt 0:00:00]} Qc7 {[%emt 0:00:00]} 6. f4 {[%emt 0:00:00]} a6 {[%emt 0:01:09]} 7. Nxc6 {[%emt 0:00:53]} bxc6 {[%emt 0:03:01]} 8. Bd3 {[%emt 0:01:13]} d5 {[%emt 0:07:53]} 9. O-O {[%emt 0:02:19]} Nf6 {[%emt 0:00:31]} 10. Kh1 {[%emt 0:03:46]} Be7 {[%emt 0:03:55] B46: Sicilian: Taimanov: 5 Nc3 a6} 11. b3 {[%emt 0:02:02]} Bb7 {[%emt 0:02:17]} 12. Qe2 {[%emt 0:09:33]} h6 $146 {[%emt 0:13:34]} ({Predecessor:} 12... c5 $11 13. e5 Nd7 14. Nd1 Qc6 15. Bb2 O-O 16. Ne3 f5 17. exf6 Bxf6 18. Bxf6 Nxf6 {1-0 (41) Vuckovic,B (2623)-Damljanovic,B (2607) Tivat 2011}) 13. Bb2 {[%emt 0:08:16]} O-O {[%emt 0:02:24]} 14. e5 {[%emt 0:03:57]} Nd7 {[%emt 0:00:11]} 15. Na4 {[%emt 0:08:01]} Rae8 {[%emt 0:26:13]} 16. Bxa6 {[%emt 0:23:51]} Bxa6 {[%emt 0:01:54]} 17. Qxa6 {[%emt 0:00:12]} Ra8 {[%emt 0:03:24]} 18. Qe2 {[%emt 0:00:32]} Rfb8 {[%emt 0:01:01]} 19. Nc3 {[%emt 0:00:16]} g6 {[%emt 0:06:51]} 20. Nd1 $14 {[%emt 0:01:18]} Ba3 {[%emt 0:04:22]} 21. Bc3 {[%emt 0:08:11]} Bb4 {[%emt 0:01:16]} 22. Bxb4 {[%emt 0:01:01]} Rxb4 {[%emt 0:00:01]} 23. a3 {[%emt 0:00:10]} Rb7 {[%emt 0:01:10]} 24. Nf2 {[%emt 0:00:37]} c5 {[%emt 0:01:24]} 25. h4 {[%emt 0:02:40]} h5 {[%emt 0:05:17]} 26. Rfb1 {[%emt 0:00:30]} Qd8 {[%emt 0:00:34]} 27. g3 {[%emt 0:00:24]} Qa5 {[%emt 0:00:32]} 28. Qe3 {[%emt 0:02:21]} Nb6 {[%emt 0:02:35]} 29. g4 {[%emt 0:03:47]} hxg4 {[%emt 0:02:18]} 30. Nxg4 {[%emt 0:00:21]} Kg7 {[%emt 0:00:46]} 31. f5 {[%emt 0:04:22]} Rh8 {[%emt 0:00:14]} 32. fxg6 {[%emt 0:00:14]} Rxh4+ {[%emt 0:00:58]} 33. Nh2 {[%emt 0:00:04]} Qa8 {[%emt 0:03:05]} 34. Qg5 {[%emt 0:05:45]} Rxh2+ {[%emt 0:00:24]} 35. Kxh2 {[%emt 0:00:04]} Qh8+ {[%emt 0:00:06]} 36. Kg2 {[%emt 0:00:10]} Qh6 {[%emt 0:00:48]} 37. Qxh6+ {[%emt 0:01:33]} Kxh6 {[%emt 0:00:02]} 38. gxf7 {[%emt 0:00:19]} Rxf7 {[%emt 0:00:04]} 39. Rh1+ {[%emt 0:00:31]} Kg6 {[%emt 0:00:34]} 40. Raf1 {[%emt 0:00:58] Kf6} 1-0

[Event "EYTCC Open U18 2018"]
[Site "Bad Blankeburg"]
[Date "2018.07.17"]
[Round "6"]
[White "Roseneck, Jonas"]
[Black "Szustakowski, Antoni"]
[Result "1/2-1/2"]
[WhiteElo "2182"]
[BlackElo "2330"]
[Annotator "NA"]
[PlyCount "100"]
[EventDate "2018.07.12"]
[EventType "swiss"]
[EventCountry "GER"]
[SourceTitle "playchess.com"]
[Source "ChessBase"]
[SourceQuality "1"]
[TimeControl "40/5400+30:1800+30"]

1. e4 {[%emt 0:00:00]} e5 {[%emt 0:00:00]} 2. Nf3 {[%emt 0:00:00]} Nc6 {[%emt 0:00:00]} 3. Bb5 {[%emt 0:00:00]} a6 {[%emt 0:00:00]} 4. Ba4 {[%emt 0:00:00]} Nf6 {[%emt 0:00:07]} 5. O-O {[%emt 0:00:00]} Nxe4 {[%emt 0:00:14]} 6. d4 {[%emt 0:00:22]} b5 {[%emt 0:01:02]} 7. Bb3 {[%emt 0:00:01]} d5 {[%emt 0:00:09]} 8. dxe5 {[%emt 0:00:09]} Be6 {[%emt 0:00:08]} 9. Qe2 {[%emt 0:00:04]} Be7 {[%emt 0:00:07]} 10. Rd1 {[%emt 0:01:18]} O-O {[%emt 0:00:15]} 11. c4 {[%emt 0:00:58]} bxc4 {[%emt 0:00:08]} 12. Bxc4 {[%emt 0:00:01]} Bc5 {[%emt 0:00:16]} 13. Be3 {[%emt 0:00:15]} Bxe3 {[%emt 0:00:12]} 14. Qxe3 {[%emt 0:00:02]} Qb8 {[%emt 0:00:08]} 15. Bb3 {[%emt 0:00:10]} Na5 {[%emt 0:00:33]} 16. Nbd2 {[%emt 0:15:49]} Nxb3 {[%emt 0:00:22] C81: Open Ruy Lopez: Keres Variation (9 Qe2)} (16... Qa7 17. Qxa7 Rxa7 18. Nxe4 Nxb3 19. axb3 dxe4 20. Nd4 c5 21. Nxe6 fxe6 22. Rd6 Rb7 23. Rxe6 Rxb3 24. Rexa6 Rxb2 25. e6 Rfxf2 26. e7 Rxg2+ 27. Kf1 Kf7 28. Re6 Rgf2+ 29. Kg1 Rg2+ 30. Kf1 Rgf2+ {½-½ (30) Sutovsky,E (2647)-Vidit,S (2707) Poikovsky 2018}) 17. Nxb3 {[%emt 0:04:06]} a5 {[%emt 0:18:51]} 18. Rab1 {[%emt 0:24:14]} a4 {[%emt 0:13:03]} 19. Nc5 $146 {[%emt 0:05:01]} ({Predecessor:} 19. Nbd2 Nxd2 20. Rxd2 a3 21. b3 c6 22. Rc1 Bd7 23. Nd4 Re8 24. Re2 {1-0 (33) Diani,J (2222)-Vieito Soria,L (1962) ICCF email 2008}) 19... Nxc5 {[%emt 0:09:20]} 20. Qxc5 {[%emt 0:00:08]} Bf5 {[%emt 0:00:03]} 21. Rbc1 {[%emt 0:00:18]} Qxb2 {[%emt 0:00:07]} 22. Rd2 {[%emt 0:00:44]} Qb6 {[%emt 0:00:12]} 23. Qxd5 {[%emt 0:02:38]} Be6 {[%emt 0:10:40]} 24. Qe4 {[%emt 0:02:45]} h6 {[%emt 0:06:40]} 25. Rdc2 {[%emt 0:08:15]} Rfd8 {[%emt 0:03:55]} 26. h3 {[%emt 0:04:56]} c5 {[%emt 0:08:09]} 27. a3 {[%emt 0:12:13]} Ra5 {[%emt 0:16:02]} 28. Qe3 {[%emt 0:05:09]} Rc8 {[%emt 0:03:51]} 29. Nd2 {[%emt 0:00:43]} Bd5 {[%emt 0:01:21]} 30. Nc4 {[%emt 0:04:25]} Bxc4 {[%emt 0:00:45]} 31. Rxc4 {[%emt 0:00:02]} Qb3 {[%emt 0:00:16]} 32. R1c3 {[%emt 0:01:37]} Qd1+ {[%emt 0:00:01]} 33. Kh2 {[%emt 0:00:09]} Qd5 {[%emt 0:00:05]} 34. f4 $14 {[%emt 0:03:20]} Kh7 {[%emt 0:03:53]} 35. Rc2 {[%emt 0:00:58]} Rb5 {[%emt 0:01:19]} 36. Qe4+ {[%emt 0:02:59]} Qxe4 {[%emt 0:00:14]} 37. Rxe4 {[%emt 0:00:01]} Ra8 {[%emt 0:00:52]} 38. Rcc4 {[%emt 0:02:26]} Rb3 {[%emt 0:00:05]} 39. Rxa4 {[%emt 0:00:03]} Rxa3 {[%emt 0:00:04]} 40. Rxa3 {[%emt 0:00:40]} Rxa3 {[%emt 0:00:01]} 41. Rc4 {[%emt 0:30:01]} Ra5 {[%emt 0:30:33]} 42. Kg3 {[%emt 0:00:00]} Kg6 {[%emt 0:00:00]} 43. Kf3 {[%emt 0:00:00]} f5 {[%emt 0:00:00]} 44. Rc3 {[%emt 0:00:00]} Kf7 {[%emt 0:00:00]} 45. g4 {[%emt 0:00:00]} Ke6 {[%emt 0:00:00]} 46. Ke3 {[%emt 0:00:00]} g5 {[%emt 0:00:00]} 47. Kf3 {[%emt 0:00:19]} fxg4+ {[%emt 0:00:00]} 48. hxg4 {[%emt 0:00:19]} gxf4 {[%emt 0:00:00]} 49. Kxf4 {[%emt 0:00:02]} Ra4+ {[%emt 0:00:00]} 50. Kf3 {[%emt 0:00:15]} Kxe5 {[%emt 0:00:00] Ke4+} 1/2-1/2